Die Kline Grille Sight the Lead (Record no. 6055)
[ view plain ]
| 000 -LEADER | |
|---|---|
| fixed length control field | 00235nam a22000857a 4500 |
| 008 - FIXED-LENGTH DATA ELEMENTS--GENERAL INFORMATION | |
| fixed length control field | 170209b xxu||||| |||| 00| 0 eng d |
| 100 ## - MAIN ENTRY--PERSONAL NAME | |
| 9 (RLIN) | 2839 |
| Personal name | Charle. E |
| 245 ## - TITLE STATEMENT | |
| Title | Die Kline Grille Sight the Lead |
| 260 ## - PUBLICATION, DISTRIBUTION, ETC. (IMPRINT) | |
| Place of publication, distribution, etc. | London |
| Name of publisher, distributor, etc. | Dorling Kindersley |
| Date of publication, distribution, etc. | 2002 |
| Withdrawn status | Lost status | Source of classification or shelving scheme | Damaged status | Koha normalized classification for sorting | Not for loan | Home library | Current library | Shelving location | Date acquired | Total Checkouts | Full call number | Barcode | Date last seen | Price effective from | Koha item type |
|---|---|---|---|---|---|---|---|---|---|---|---|---|---|---|---|
| Dewey Decimal Classification | CAR_430_000000000000000_B6 | Good Samaritan School Library | Good Samaritan School Library | German | 02/09/2017 | CAR430 B-6 | CAR4184 | 02/09/2017 | 02/09/2017 | Reference |